<?xml version="1.0" encoding="UTF-8"?><?xml-stylesheet type="text/xsl" href="static/style.xsl"?><OAI-PMH xmlns="http://www.openarchives.org/OAI/2.0/" xmlns:xsi="http://www.w3.org/2001/XMLSchema-instance" xsi:schemaLocation="http://www.openarchives.org/OAI/2.0/ http://www.openarchives.org/OAI/2.0/OAI-PMH.xsd"><responseDate>2026-06-01T06:56:01Z</responseDate><request verb="GetRecord" identifier="oai:riuma.uma.es:10630/8438" metadataPrefix="marc">https://riuma.uma.es/rest/oai/request</request><GetRecord><record><header><identifier>oai:riuma.uma.es:10630/8438</identifier><datestamp>2026-02-03T11:58:57Z</datestamp><setSpec>com_10630_2254</setSpec><setSpec>col_10630_37959</setSpec></header><metadata><record xmlns="http://www.loc.gov/MARC21/slim" xmlns:dcterms="http://purl.org/dc/terms/" xmlns:doc="http://www.lyncode.com/xoai" xmlns:xsi="http://www.w3.org/2001/XMLSchema-instance" xsi:schemaLocation="http://www.loc.gov/MARC21/slim http://www.loc.gov/standards/marcxml/schema/MARC21slim.xsd">
   <leader>00925njm 22002777a 4500</leader>
   <datafield ind2=" " ind1=" " tag="042">
      <subfield code="a">dc</subfield>
   </datafield>
   <datafield ind2=" " ind1=" " tag="720">
      <subfield code="a">Mancera Romero, Juan Miguel</subfield>
      <subfield code="e">author</subfield>
   </datafield>
   <datafield ind2=" " ind1=" " tag="260">
      <subfield code="c">2014-11-18</subfield>
   </datafield>
   <datafield ind2=" " ind1=" " tag="520">
      <subfield code="a">En la acuicultura se tiende a la optimización de la producción. Para ello se tiende a:&#xd;
i) conseguir una reproducción en cautividad de la especie cultivada, con el objetivo de asegurarse un suministro constante de larvas&#xd;
ii) determinar las condiciones idóneas para la cría larvaria, con el fin de minimizar la alta tasa de mortalidad existente&#xd;
iii) optimizar las condiciones de cultivo para conseguir el mayor crecimiento en el menor tiempo&#xd;
&#xd;
Los animales acuáticos se encuentran en un medio en el cual diversos factores abióticos modulan sus actividades biológicas. Los factores abióticos más importantes que pueden afectar dichos procesos biológicos son:&#xd;
	- Temperatura&#xd;
	- Salinidad&#xd;
	- Fotoperíodo&#xd;
&#xd;
En la conferencia se abordan los procesos osmorreguladores de los teleósteos, así como la posibilidad de modificar la salinidad ambiental para estimular el crecimiento de los mismos.&#xd;
&#xd;
Además, se analizó el proceso de estrés y la influencia del mismo sobre la práctica acuícola.</subfield>
   </datafield>
   <datafield ind1="8" ind2=" " tag="024">
      <subfield code="a">http://hdl.handle.net/10630/8438</subfield>
   </datafield>
   <datafield tag="653" ind2=" " ind1=" ">
      <subfield code="a">Acuicultura</subfield>
   </datafield>
   <datafield ind2="0" ind1="0" tag="245">
      <subfield code="a">Manejo de parámetros ambientales en acuicultura</subfield>
   </datafield>
</record>
</metadata></record></GetRecord></OAI-PMH>